000 00551cam a22002291 4500
001 sa 67004106
003 DLC
005 20260227112344.0
008 790208s1966 ii b 001 0 eng
010 _asa 67004106
025 _aPL480:I-E-7446
035 _a(OCoLC)4630179
040 _aDLC
_cMH
_dDLC
042 _apremarc
050 0 0 _aDS498
_b.E8
082 _a915.4/7/99
100 1 _aEsteves, Sarto.
245 1 0 _aGoa and its future.
260 _aBombay,
_bManaktalas
_c[1966]
300 _avii, 146 p.
_bmap.
_c22 cm.
651 0 _aGoa.
999 _c74270
_d74270